90’s UK Indie Songs - Name the Band - Statistics

General Stats
  • This quiz has been taken 71 times
  • The average score is 6 of 15
Answer Stats
Hint Answer % Correct
The Scientist Coldplay
79%
She’s So High Blur
58%
Lucky Man The Verve
56%
Step On Happy Mondays
50%
Movin’ On Up Primal Scream
45%
The Wild Ones Suede
44%
Street Spirit Radiohead
42%
Motorcycle Emptiness Manic Street Preachers
37%
Driftwood Travis
37%
Moving Supergrass
29%
Place Your Hands Reef
27%
I’m Free Soup Dragons
21%
The Frog Princess The Divine Comedy
16%
What do I do now? Sleeper
15%
A Girl Like You Edwyn Collins
13%
No matching quizzes found
Score Distribution
Percent of People with Each Score
Percentile by Number Answered
Your Score History
You have not taken this quiz